| 000 | 00932cab a2200229 4500 | ||
|---|---|---|---|
| 001 | X84978 | ||
| 008 | 090401t1997 xxu||||| |||| 00| 0 eng d | ||
| 035 | _a(Sirsi) u79395 | ||
| 041 | _aeng | ||
| 245 | _aDrake and Scull Engineering Limited v J. Jarvis and Sons plc | ||
| 260 | _c1997 | ||
| 350 | _a0 | ||
| 490 |
_aConstruction Law Journal _v[1997] 13 Const.L.J. 263-266(4) |
||
| 520 | _aCA 18 December 1996. Contract - deductions in respect of delay - contractor withholding payment from sub-contractor - contractor`s standard terms and conditions in conflict with standard for sub-contract DOM/1 clause 23 (rstricted right of sell-off) - whether standard terms and conditions incorporated - whether standard terms in conflict enforceable. | ||
| 650 | _aDELAY | ||
| 650 | _aDOM/1 | ||
| 650 | _aSET-OFF | ||
| 650 | _aSTANDARD TERMS | ||
| 690 | _aBUILDING AND CONSTRUCTION-CASE LAW | ||
| 942 | _n0 | ||
| 948 | _c02/07/1997 | ||
| 999 |
_c49904 _d49904 |
||